000 00497nam a2200157 i 4500
001 149243
003 ES-MaACL
005 20230906203018.0
007 t|
008 071019s1948 sp ||||1| spa d
100 1 _aVelasco Durántez, Mariano.
_9113756
245 1 0 _aPasado y presente del radar y sus aplicaciones /
_cMariano Velasco Durántez.
260 _aZaragoza :
_b[s.n.],
_c1948 (
_fTip. Heraldo de Aragón)
300 _a249 p. :
_bil. ;
_c17 cm.
852 _aES-MaACL
_jD-7928
_bR.28949
999 _c149243
_d149243